000 00823nam a2200229Ia 4500
001 1780
003 GE_BSU
008 181216s||||||||xx |||||||||||||| ||und||
040 _cGE_BSU
080 _a622.24
100 _aВаршаломидзе, Г.Х.
245 _aПроблемы механики бурения нефтяных и газовых скважин.
260 _aБатуми
260 _bАджара
260 _c2003
300 _a438 с. 23 см.
541 _h20 л.
653 _aПроблемы механики бурения нефтяных и газовых скважин.
653 _aინჟინერია
653 _aპრობლემა საბურღი ნავთობისა და გაზის ჭაბურღილების.
942 _cBK
999 _c35887
_d35887